00922 a2200193 45000010006000000050017000060080041000230030015000640400040000790800033001192450082001520200022002342640048002563000019003045050271003230410008005941000027006028560099006294810420260407155747.0260407a2007 arg spa dAR-UNSa-BCEJYS aAR-UNSa-BCEJYSbspacAR-UNSa-BCEJYS a658.011.56xAutomatización10aSistemas de información como herramienta competitivapun enfoque integrador a978-950-9445-49-9 1aBuenos Aires :bTemas Grupo Editorialc2007 a223 p.c22 cm. a1. Información y sistemas: un mundo cambiante - 2. Evaluación estratégica de inversiones en tecnología informática - 3. Análisis de datos - 4. Análisis de datos - 5. Transacciones Seguras e intercambio de información - 6. Alineamiento estratégico.  aspa1 aPungitore, José Luis41uhttps://www.biblioeco.unsa.edu.ar/pmb/images/libros/L127837.jpgyImagen de portadaqimage/jpeg